Monarchs of Scotland Quiz Stats

 Plays Quiz Updated Sep 15, 2013

     
Support Sporcle.
Go Orange.
Score 0/47 Timer 10:00
14 Plays Today
Reigned Monarch % Correct
1406-1437James I
92.6%
1437-1460James II
92.1%
1460-1488James III
91.3%
1513-1542James V
91.1%
1488-1513James IV
91%
1567-1625James VI
90.6%
1689-1702William II and Mary II
86.8%
1542-1567Mary, Queen of Scots
85.2%
1685-1689James VII
85.1%
1625-1649Charles I
81.4%
1649-1685Charles II
81.1%
1306-1329Robert I
81%
1371-1390Robert II
79%
1165-1214William I
77%
1390-1406Robert III
74.1%
1702-1707Anne
72.7%
1292-1296John Balliol
70.5%
1040-1057Macbeth
62.3%
1034-1040Duncan I
61%
1094Duncan II
60%
943-954Malcolm I
56.3%
1005-1034Malcolm II
55.8%
1058-1093Malcolm III
55%
1153-1165Malcolm IV
52.8%
Reigned Monarch % Correct
1124-1153David I
52.4%
1329-1371David II
51.9%
1107-1124Alexander I
51.4%
1214-1249Alexander II
51.1%
1249-1286Alexander III
50.5%
843-858Kenneth I
48.1%
971-995Kenneth II
46.9%
858-862Donald I
46.6%
889-900Donald II
46.2%
1093-1094Donald III
46%
1094-1097Donald III
46%
997-1005Kenneth III
45.2%
1286-1290Margaret, Maid of Norway
43.4%
862-877Constantine I
39.3%
900-943Constantine II
38.6%
995-997Constantine III
37.3%
1097-1107Edgar
28.3%
877-878Aed
27.6%
1057-1058Lulach
26.5%
962-966Dubh
25.1%
878-889Giric
23.5%
966-971Culen
22%
954-962Indulf
21.4%

From the Vault

Missing Shapes Multiple Choice

by El_Dandy

It's hip to be square (25% of the time).
Remove Ads.
Support Sporcle.
Get the best of Sporcle when you Go Orange. This ad-free experience offers more features, more stats, and more fun while also helping to support Sporcle. Thank you for becoming a member.

Show Comments

Extras

Top Quizzes Today


Score Distribution

Your Account Isn't Verified!

In order to create a playlist on Sporcle, you need to verify the email address you used during registration. Go to your Sporcle Settings to finish the process.

Report this User

Report this user for behavior that violates our Community Guidelines.

Details: